Statistics for 2010's Superhero Movie Quiz

Click here to take the quiz!

General Stats

  • This quiz has been taken 35 times
  • The average score is 21 of 32

Answer Stats

HintAnswer% Correct
2010Iron Man 2
90%
Thor
86%
Ant-Man
83%
2015Avengers: Age of Ultron
79%
Captain America: Civil War
79%
Captain America: The Winter Soldier
79%
Iron Man 3
79%
2012The Avengers
79%
Thor: The Dark World
79%
Wonder Woman
76%
Suicide Squad
72%
X-Men: Days of Future Past
72%
Captain America: The First Avenger
69%
2016Doctor Strange
69%
Justice League
69%
2013Man of Steel
69%
Spider-Man: Homecoming
69%
2017Thor: Ragnarok
69%
Deadpool
66%
2014Guardians of the Galaxy
66%
X-Men Apocalypse
66%
Batman V Superman: Dawn of Justice
62%
Fantastic Four
62%
Guardians of the Galaxy Vol.2
62%
The Dark Knight Rises
59%
X-Men: First Class
59%
Logan
55%
The Amazing Spider-Man
55%
The Amazing Spider-Man 2
55%
The Wolverine
48%
2011Green Lantern
38%
Ghost Rider: Spirit of Vengeance
10%

Score Distribution

Percentile by Number Answered

Percent of People with Each Score

Your Score History

You have not taken this quiz